000 00872nam a2200241 a 4500
001 000018992
005 20200929165910.0
008 100521s1998 sp 000 0 spa d
020 _a8478082573
040 _aDO-SdBNP
_bspa
_cBNPHU
082 _a153.35
_bB471i
100 1 _aBennett, Hal Zina,
_940863
240 1 0 _aInvitation to success, an allegory about creativity.
_lEspañol.
245 1 4 _aUna invitación al éxito /
_cHal Zina Bennett ; traducido del inglés por Celestial Connection.
260 _aMálaga :
_bEditorial Sirio,
_c1998.
300 _a107 p. ;
_c21 cm.
490 1 _aAlegorías
534 _pTítulo original en inglés:
_tInvitation to success, an allegory about creativity.
_c1997
650 4 _aAptitud creadora
_940864
650 4 _aÉxito en los negocios
_97710
710 1 _aCelestial Connection,
_etr.
_940865
830 0 _aAlegorías
_940866
999 _c18510
_d18510